| 000 | 00781cam a2200229 a 4500 | ||
|---|---|---|---|
| 001 | 000005768 | ||
| 005 | 20200929151757.0 | ||
| 008 | 780601k19671975uy 000 d spa | ||
| 040 |
_aDO-SdBNP _bspa _cBNPHU |
||
| 082 |
_aU862.3 _bS211t |
||
| 100 | 1 |
_aSánchez, Florencio, _d1875-1910. _914985 |
|
| 245 | 1 | 0 |
_aTeatro / _cFlorencio Sánchez ; selección y prólogo de Walter Rela. |
| 260 |
_aMontevideo, Uruguay : _b[Tall. Graf. Barreiro y Ramos], _c1967. |
||
| 300 |
_a2 v. ; _c20 cm. |
||
| 490 | 1 | _aBiblioteca Artigas ; | |
| 490 | 1 |
_aClásicos uruguayos ; _v121-122 |
|
| 650 | 4 |
_aTeatro uruguayo _94024 |
|
| 650 | 4 |
_aLiteratura uruguaya _93054 |
|
| 700 | 1 |
_aRela, Walter, _epról. _916332 |
|
| 830 | 0 |
_aBiblioteca Artigas ; _916279 |
|
| 830 | 0 |
_aClásicos uruguayos ; _n121-122 _916333 |
|
| 999 |
_c5564 _d5564 |
||